| 000 | 00553nam a2200181 a 4500 | ||
|---|---|---|---|
| 005 | 20140310183441.0 | ||
| 008 | 080508s19uu xx 00 eng d | ||
| 020 | _a1412928893 | ||
| 050 |
_aLB 1590 _b.Sa258 2006 |
||
| 100 | _aSassoon, Rosemary | ||
| 245 |
_aHandwriting problems in the secondary school / _cRosemary Sassoon |
||
| 260 |
_aLondon : _bPaul Chapman Publishing, _c2006. |
||
| 300 |
_a81 p. : _bill. ; _c31 cm. |
||
| 650 | _aPenmanship. | ||
| 650 |
_aPenmanship _xStudy and teaching (Secondary). |
||
| 942 |
_cBK _2lcc _kFOR |
||
| 999 |
_c23093 _d23093 |
||